00720 2200265 4500001002100000005001700021008004100038020002200079035002500101040001200126082001200138084001400150100002300164245007800187250001100265260003100276300003200307504002700339650001400366700000800380850001200388990001800400990001800418990001800436INLIS00000000001466320151006160026.0  a978-602-288-159-9 a0010-101500000000397 aYOPDYOG 223a137 a137 Wah M aWAHYU Setyaningsih aMengenal kepribadian lewat tulisanc/ Wahyu Setyaningsih; Penyunting, Ola aCet. 1 aYogyakartabNotebookc2015 a272 hlm.b: Ilus.c; 20 cm. aBibliografi : hlm. 270 aGrafologi aOLA aYOPDYOG a25654-PD/B.15 a25655-PD/B.15 a25656-PD/B.15